Temas relevantes no direito de energia elťrica Tomo II

Detalles Bibliográficos
Autor principal: da Rocha, Fb̀io Amorim
Formato: eBook
Lenguaje:portugués
Publicado: Rio de Janeiro: Synergia Editora, 2013
Materias:
Acceso en línea:Acceso restringido

MARC

LEADER 00000nam a22000007a 4500
005 2019081703323.0
007 cr|||| ||||
008 190817s2013 br |||||s|||| 00||0 por d
020 |a 978-85-61325-97-8 
035 |a 24113 
040 |a vLex 
090 |c 9230  |d 9230 
100 1 |a da Rocha, Fb̀io Amorim 
245 1 0 |a Temas relevantes no direito de energia elťrica  |h [Recurso electrn̤ico] /  |c Fb̀io Amorim da Rocha  |n Tomo II 
256 |a Servicio en ln̕ea 
260 |a Rio de Janeiro:  |b Synergia Editora,  |c 2013 
300 |a 1 recurso electrn̤ico 
500 |a Hoje, o setor de publicaė̳s jurd̕icas ̌caracterizado pela convivn̊cia entre livros manuais, individuais, onde talvez prevaleȧ, embora nô exclusivamente e nem sempre, uma visô de Direito mais isolacionista.Nunca ̌demais enfatizar a enorme carn̊cia que os setores nacionais de infraestrutura tm̊ por estudos dedicados s̉ intricadas queste̳s jurd̕icas que lhes sô inerentes. No caso especf̕ico do Setor Elťrico, a consolidaȯ̂ do modelo de agn̊cia reguladora, aliado s̉ grandes reformas institucionais de 2004, parece ter dado algum ńimo, ainda que tm̕ido, a estudos jurd̕icos de maior profundidade e propriedade.Direito de Energia Elťrica no Brasil ́́‚Ơ" Tomo II, se reveste da maior importńcia no momento atual, tendo em vista o grande nm︢ero de disputas judiciais em torno das queste̳s de Energia Elťrica, repleto de desafios para o setor e para a economia brasileira, no qual se faz necessr̀io promover investimentos e crescimento, conciliando aspectos econm̥icos, sociais e ambientais. Cabe ressaltar ainda o papel do Fb̀io Amorim da Rocha como autor e coordenador, cuja maestria se manifesta em concatenar o trabalho de tantos outros autores com uma incrv̕el diversidade de temas.É nesse contexto que se insere o contn̕uo esforȯ do jurista Fb̀io Amorim da Rocha, do qual a presente obra ̌mais (do que) um belo exemplo. A qualidade e a relevńcia deste novo tomo deTemas Relevantes no Direito de Energia Elťrica facilmente se evidenciam pelo seleto rol de autores que aqui publicam. Porm̌, ̌na reuniô de abordagens e assuntos a um s ̤tempo tô diversificados e representativos que encontramos nô apenas a justificativa para o tt̕ulo da obra, mas tambm̌ o elo que a torna um fiel retrato do atual estg̀io evolutivo do setor elťrico brasileiro.Que este livro possa contribuir para que consigamos sempre combinar e recombinar doutrinas, Leis, jurisprudn̊cias, costumes, e assim, construir instituiė̳s jurd̕icas fortes dentro de um Estado democrt̀ico de direito tambm̌ forte. 
506 1 |a Disponible solo en los productos indicados  |d vLex Global  |d vLex Global (Academic Edition, excluding Law Schools)  |d vLex Global (U.S. Academic Edition, Law Schools)  |d vLex Global (U.S. Academic Edition, excluding Law Schools)  |d vLex Global (Academic Edition, Law Schools) 
650 0 4 |a Energa̕  |z Brasil 
650 0 4 |a Electricidad  |z Brasil 
740 0 |a vLex Libros (Servicio en ln̕ea) 
856 4 0 |u http://vlex.com/source/temas-relevantes-no-direito-de-energia-eletrica-tomo-ii-24113  |z Acceso restringido 
942 |c BOOK 
999 0 |a Energy 
999 0 |a Electricity